000
00293nam a22001337a 4500
008
170220b xxu||||| |||| 00| 0 eng d
020
_a
0071370617
041
_a
eng
080
_2
5ED
_a
615
100
_a
5
101
_a
SHF
245
_a
PHARMACOTHER CASE BOOK
_c
SCHWINGAMMER
942
_2
udc
_c
BK
999
_c
5788
_d
5788